Piłkarska kariera Edinsona Cavaniego. - Statystyki

Ogólne statystyki
  • Ten quiz został rozwiązany 70 razy
  • Średni wynik to 4 z 7
Statystyki odpowiedzi
Lata Drużyna % Poprawnych
2013-2020 PSG
96%
2020-teraz Manchester United
95%
2010-2011 Napoli
74%
2011-2013 Napoli
74%
2007-2010 Palermo
42%
2011-2011 Palermo
42%
2006-2007 Danubio
4%
Nie znaleziono quizów pasujących do podanych kryteriów
Rozkład punktacji
Procent ludzi z każdym wynikiem
Percentyl według liczby udzielonych odpowiedzi
Twoja historia wyników
Nie rozwiązałeś tego quizu